[Event "Championnat de France des Jeunes - Pous"]
[Site "LA ROCHE SUR YON"]
[Date "2008.04.26"]
[Round "7.7"]
[White "Rey, Gaetan"]
[Black "Meunier, Clement"]
[Result "0-1"]
[WhiteElo "1690"]
[BlackElo "1430"]
[Annotator "Salaun,Michel"]
[PlyCount "122"]
[EventDate "2008.04.25"]
[EventType "swiss"]
[EventRounds "5"]
[EventCountry "FRA"]

1. e4 d5 2. exd5 Qxd5 3. Nc3 Qa5 4. Bc4 Nf6 5. d3 c6 6. Bd2 Bf5 7. Qe2 e6 8. h3
Nbd7 9. g4 Bg6 10. f4 O-O-O 11. O-O-O Bb4 12. h4 h6 13. h5 Bh7 14. Ne4 Bxd2+
15. Rxd2 Bxe4 16. dxe4 Nc5 17. Rxd8+ Rxd8 18. e5 Nxg4 19. Nh3 f5 20. exf6 Nxf6
21. Bxe6+ Nxe6 {(=)} 22. Qxe6+ Kb8 23. a3 Re8 24. Qd6+ Ka8 25. Kb1 a6 26. Qd1
Qxh5 27. Qg1 Qg4 28. Qc1 Re2 29. Qd1 Qg2 30. Qd8+ Ka7 31. Qd4+ Ka8 32. Qd1 Rd2
33. Qc1 Rxc2 34. Qxc2 Qxh1+ 35. Qc1 Qxh3 36. Qd1 Qf5+ 37. Ka1 Qxf4 38. Qd8+ Qb8
39. Qe7 Nh5 40. Qf7 Qe5 41. Qg6 Nf4 42. Qg4 Qe1+ 43. Ka2 Qe6+ 44. Qxe6 Nxe6 45.
Kb3 g5 46. Kc3 g4 47. Kd3 h5 48. Ke3 h4 49. Kf2 Kb8 50. b4 Kc7 51. a4 Kd6 52.
Kg2 Ke5 53. b5 Kf4 54. bxa6 bxa6 55. a5 h3+ 56. Kh2 g3+ 57. Kg1 g2 58. Kh2 Kf3
59. Kg1 h2+ 60. Kxh2 Kf2 61. Kh3 g1=Q 0-1

[Event "Championnat de France des Jeunes - Pous"]
[Site "LA ROCHE SUR YON"]
[Date "2008.04.26"]
[Round "8.1"]
[White "Grezels, Florian"]
[Black "Bellahcene, Bilel"]
[Result "0-1"]
[WhiteElo "1650"]
[BlackElo "1685"]
[Annotator "Salaun,Michel"]
[PlyCount "96"]
[EventDate "2008.04.25"]
[EventType "swiss"]
[EventRounds "5"]
[EventCountry "FRA"]

1. e4 c5 2. Nf3 Nc6 3. d4 cxd4 4. Nxd4 g6 5. Nc3 Bg7 6. Be3 Nf6 7. Be2 O-O 8.
O-O d6 9. Qe1 e5 10. Nb3 Be6 11. Rc1 Ne8 12. f4 Bxb3 13. axb3 exf4 14. Rxf4 Ne5
15. Bd4 Nc7 16. Bxe5 Bxe5 17. Rf3 Ne6 18. Rf1 Rc8 19. Kh1 Nd4 20. Bd3 b5 21.
Qf2 a6 22. Ra1 {(=)} a5 23. Rfc1 b4 24. Na4 Ne6 25. g3 Nc5 26. Rab1 Qg5 27. Qf1
Qh6 28. Kg2 Qg7 29. Nb6 Rb8 30. Nc4 a4 31. bxa4 Nxa4 32. Nxe5 Qxe5 33. b3 Nc3
34. Ra1 Nxe4 35. Re1 d5 36. Ra5 f5 37. Bxe4 fxe4 38. Qe2 Ra8 39. Qb5 Rxa5 40.
Qxa5 Qd4 41. Re2 Qd1 42. Rf2 Rxf2+ 43. Kxf2 Qxc2+ 44. Kg1 Qd1+ 45. Kg2 Qf3+ 46.
Kh3 Qf1+ 47. Kh4 Kg7 48. Qc7+ Qf7 0-1

[Event "Championnat de France des Jeunes - Pous"]
[Site "LA ROCHE SUR YON"]
[Date "2008.04.26"]
[Round "8.2"]
[White "Boudia, Samy"]
[Black "Venou, Randjit"]
[Result "0-1"]
[WhiteElo "1690"]
[BlackElo "1580"]
[Annotator "Salaun,Michel"]
[PlyCount "79"]
[EventDate "2008.04.25"]
[EventType "swiss"]
[EventRounds "5"]
[EventCountry "FRA"]

1. d4 Nf6 2. c4 c5 3. e3 d5 4. Nc3 e6 5. Bd3 Nc6 6. Nf3 cxd4 7. exd4 g6 8. O-O
Bg7 9. Bg5 O-O 10. cxd5 exd5 11. h3 h6 12. Bxf6 Bxf6 13. Bc2 Be6 14. a3 Re8 15.
Qd2 Bg7 16. Rae1 Qf6 17. Ne5 Nxe5 18. dxe5 Qd8 19. Nb5 Qb6 20. Nd6 Re7 21. Qc3
Rc7 22. Qd3 Qxb2 23. Re2 Qc3 24. Qd1 a6 25. f4 Qc5+ 26. Kh1 Qxa3 27. Rf3 Qc5
28. Rg3 a5 29. h4 a4 30. h5 a3 31. hxg6 a2 32. gxf7+ Kf8 33. Qa1 Qxc2 34. Rxc2
Rxc2 35. Kh2 Rc1 36. Qxc1 a1=Q 37. Qc5 Qa5 38. Qc2 Qd8 39. Nf5 Rc8 40. Rxg7 0-1

[Event "Championnat de France des Jeunes - Pous"]
[Site "LA ROCHE SUR YON"]
[Date "2008.04.26"]
[Round "7.6"]
[White "Venou, Randjit"]
[Black "Bedini, Lucas"]
[Result "1-0"]
[WhiteElo "1580"]
[BlackElo "1570"]
[Annotator "Salaun,Michel"]
[PlyCount "69"]
[EventDate "2008.04.25"]
[EventType "swiss"]
[EventRounds "5"]
[EventCountry "FRA"]

1. e4 e5 2. Nf3 Nc6 3. Bb5 Nd4 4. Nxd4 exd4 5. O-O Bc5 6. d3 c6 7. Bc4 d5 8.
exd5 cxd5 9. Re1+ Kf8 10. Bb3 Ne7 11. c3 h5 12. cxd4 Bxd4 13. Nc3 Bg4 14. Qc2
a5 15. Bf4 Rc8 16. Qd2 Rc6 17. Ba4 Rg6 18. Nb5 Bb6 19. h3 Be6 20. Rac1 Kg8 21.
Bg5 Qd7 22. Bxe7 Qxe7 23. d4 Qf6 24. a3 Bxh3 25. Bc2 Bf5 26. Bxf5 Qxf5 27. Re8+
Kh7 28. Rxh8+ Kxh8 29. Qe2 Qg5 30. Rc8+ Kh7 31. g3 Re6 32. Qc2+ g6 33. Rb8 Re7
34. Qc8 Kg7 35. Qh8# 1-0

[Event "Championnat de France des Jeunes - Pous"]
[Site "LA ROCHE SUR YON"]
[Date "2008.04.26"]
[Round "7.10"]
[White "Ek, Alexandre"]
[Black "Des Cilleuls, Charles"]
[Result "1-0"]
[WhiteElo "1630"]
[BlackElo "1290"]
[Annotator "Salaun,Michel"]
[PlyCount "59"]
[EventDate "2008.04.25"]
[EventType "swiss"]
[EventRounds "5"]
[EventCountry "FRA"]

1. e4 c5 2. c3 Nc6 3. d4 cxd4 4. cxd4 g6 5. Nf3 Bg7 6. Bc4 Nf6 7. Nc3 O-O 8.
O-O Nxe4 9. Bxf7+ Rxf7 10. Nxe4 Qb6 11. d5 Ne5 12. Nfg5 Rf8 13. d6 e6 14. Rb1
Qa6 15. a4 b6 16. b4 Nc4 17. b5 Qa5 18. Qb3 a6 19. Qxc4 axb5 20. axb5 Bb7 21.
Bb2 Rfc8 22. Qd3 Bd5 23. Nf6+ Bxf6 24. Bxf6 Bc4 25. Qh3 h5 26. Rfe1 Re8 27. g4
e5 28. gxh5 gxh5 29. Qxh5 Qa3 30. Qh8# 1-0

[Event "Championnat de France des Jeunes - Pous"]
[Site "LA ROCHE SUR YON"]
[Date "2008.04.26"]
[Round "7.8"]
[White "Sire, Armand"]
[Black "Delpierre, Elie"]
[Result "1/2-1/2"]
[WhiteElo "1520"]
[BlackElo "1750"]
[Annotator "Salaun,Michel"]
[PlyCount "51"]
[EventDate "2008.04.25"]
[EventType "swiss"]
[EventRounds "5"]
[EventCountry "FRA"]

1. d4 d5 2. c4 e6 3. Nf3 Nf6 4. Bg5 Be7 5. Nc3 Nbd7 6. Rc1 O-O 7. e3 b6 8. Bd3
Bb7 9. O-O c5 10. Qb3 Rb8 11. Qd1 h6 12. Bf4 Rc8 13. Re1 Nh5 14. Be5 Nhf6 15.
Bf4 Nb8 16. Kh1 {(=)} Bd6 17. Bxd6 Qxd6 18. cxd5 exd5 19. Nb5 Qe7 20. Nxa7 Rcd8
21. Nb5 c4 22. Bc2 Ba6 23. Nc3 b5 24. a3 Nc6 25. Ra1 Ra8 26. Nd2 1/2-1/2

[Event "Championnat de France des Jeunes - Pous"]
[Site "LA ROCHE SUR YON"]
[Date "2008.04.26"]
[Round "8.3"]
[White "Meunier, Clement"]
[Black "Guines, Dylan"]
[Result "1/2-1/2"]
[WhiteElo "1430"]
[BlackElo "1460"]
[Annotator "Salaun,Michel"]
[PlyCount "50"]
[EventDate "2008.04.25"]
[EventType "swiss"]
[EventRounds "5"]
[EventCountry "FRA"]

1. e4 e5 2. d4 exd4 3. Qxd4 Nc6 4. Qe3 d6 5. Nc3 Nf6 6. Bd2 Be6 7. O-O-O Qd7 8.
f4 Qe7 9. f5 Bd7 10. h3 O-O-O 11. Bd3 g6 12. g4 gxf5 13. exf5 Qxe3 14. Bxe3 Re8
15. Re1 Bg7 16. Nf3 Ne5 17. Nxe5 Rxe5 18. Bd4 Rxe1+ 19. Rxe1 Re8 20. Rxe8+ Nxe8
21. Bxg7 Nxg7 22. Ne4 Kd8 23. Ng5 Ke7 24. Ne4 h6 25. f6+ Kf8 {Suite illisible.}
1/2-1/2

[Event "Championnat de France des Jeunes - Pous"]
[Site "LA ROCHE SUR YON"]
[Date "2008.04.26"]
[Round "7.9"]
[White "Devoille, Hugo"]
[Black "Roussel, Glenn"]
[Result "1-0"]
[WhiteElo "1741"]
[BlackElo "1517"]
[Annotator "Salaun,Michel"]
[PlyCount "48"]
[EventDate "2008.04.25"]
[EventType "swiss"]
[EventRounds "5"]
[EventCountry "FRA"]

1. e4 e5 2. Nf3 Nc6 3. Bb5 a6 4. Ba4 Nf6 5. d3 Bc5 6. O-O b5 7. Bb3 d6 8. h3 h6
9. a3 O-O 10. Kh1 Re8 11. Nc3 a5 12. Nxb5 Be6 13. Ba2 Rb8 14. Nc3 Nd4 15. Nxd4
Bxd4 16. Qe2 Bxa2 17. Rxa2 c6 18. f4 d5 19. f5 Rc8 20. Qf3 Re7 21. Ne2 Ba7 22.
Ng3 c5 23. Nh5 Nxh5 24. Qxh5 c4 {Suite illisible.} 1-0

[Event "Championnat de France des Jeunes - Pous"]
[Site "LA ROCHE SUR YON"]
[Date "2008.04.26"]
[Round "8.8"]
[White "Andreyuk, Alexandre"]
[Black "Stark, Gabriel"]
[Result "0-1"]
[WhiteElo "1410"]
[BlackElo "1620"]
[Annotator "Salaun,Michel"]
[PlyCount "90"]
[EventDate "2008.04.25"]
[EventType "swiss"]
[EventRounds "5"]
[EventCountry "FRA"]

1. e4 e6 2. d4 d5 3. e5 c5 4. c3 Qb6 5. Nf3 Nc6 6. Be2 Nge7 7. Nbd2 cxd4 8.
Nxd4 Nxd4 9. cxd4 Qxd4 10. Nf3 Qxd1+ 11. Bxd1 Nc6 12. O-O Be7 13. Be3 O-O 14.
Rc1 Bd7 15. Ba4 f6 16. Bxc6 Bxc6 17. Bc5 Bxc5 18. Rxc5 Rac8 19. exf6 gxf6 20.
Rfc1 e5 21. b4 Bd7 22. Rxc8 Rxc8 23. Rxc8+ Bxc8 24. Kf1 Kf7 25. Ke2 Ke6 26. Kd2
b6 27. Ke3 d4+ 28. Kd3 Ba6+ 29. Kd2 Kd5 30. Kc2 d3+ 31. Kc3 Bb5 32. a3 a6 33.
Nh4 Ke6 34. Nf3 e4 35. Nd4+ Ke5 36. Nxb5 axb5 37. h3 h5 38. Kd2 Kd4 39. g3 Kc4
40. g4 hxg4 41. hxg4 Kb3 42. f3 exf3 43. Kxd3 Kxa3 44. Ke3 Kxb4 45. Kxf3 Kc4
0-1

[Event "Championnat de France des Jeunes - Pous"]
[Site "LA ROCHE SUR YON"]
[Date "2008.04.26"]
[Round "8.6"]
[White "Dias, Theodore"]
[Black "Froment, Theophile"]
[Result "1/2-1/2"]
[WhiteElo "1580"]
[BlackElo "1645"]
[Annotator "Salaun,Michel"]
[PlyCount "86"]
[EventDate "2008.04.25"]
[EventType "swiss"]
[EventRounds "5"]
[EventCountry "FRA"]

1. e4 c5 2. Nf3 d6 3. d4 cxd4 4. Nxd4 Nf6 5. Nc3 a6 6. f3 e5 7. Nb3 Be6 8. Be3
Nbd7 9. Qd2 b5 10. g4 Nb6 11. g5 Nfd7 12. h4 Be7 13. O-O-O Nc4 14. Bxc4 bxc4
15. Na1 O-O 16. h5 Rb8 17. g6 Bf6 18. gxh7+ Kh8 19. Rdg1 Nb6 20. Bg5 Bxg5 21.
Rxg5 f6 22. Rg6 d5 23. h6 Rb7 24. hxg7+ Rxg7 25. Rxg7 Kxg7 26. Qh6+ Kh8 27. Rg1
Qe7 28. exd5 Nxd5 29. Ne4 Bf5 30. Nc5 a5 31. b3 c3 32. Ne4 Bxh7 33. Rh1 Qg7 34.
a3 Qxh6+ 35. Rxh6 Kg7 36. Rh1 Rd8 37. Rd1 Kf7 38. Nxc3 Ke6 39. Nxd5 Rxd5 40.
Rxd5 Kxd5 41. Kd2 f5 42. c4+ Kc5 43. Nc2 f4 1/2-1/2

[Event "Championnat de France des Jeunes - Pous"]
[Site "LA ROCHE SUR YON"]
[Date "2008.04.26"]
[Round "8.4"]
[White "Msellek, Ilyass"]
[Black "Devoille, Hugo"]
[Result "1-0"]
[WhiteElo "1829"]
[BlackElo "1741"]
[Annotator "Salaun,Michel"]
[PlyCount "64"]
[EventDate "2008.04.25"]
[EventType "swiss"]
[EventRounds "5"]
[EventCountry "FRA"]

1. e4 c5 2. b3 e6 3. Nf3 a6 4. Bb2 b5 5. g3 Bb7 6. d3 Nc6 7. Bg2 d6 8. O-O Nf6
9. Nbd2 Be7 10. Ne1 Qb6 11. Kh1 O-O 12. f4 a5 13. g4 h6 14. g5 hxg5 15. fxg5
Nh7 16. Qg4 Nd4 17. Ndf3 e5 18. Nxd4 cxd4 19. Bc1 Bc8 20. Qh4 Be6 21. Rf3 Qd8
22. Rg3 Rc8 23. Nf3 Rxc2 24. Bh3 Qd7 25. Bxe6 Qxe6 26. Rh3 Qg6 27. Qg3 Rfc8 28.
Bd2 Bd8 29. Nh4 Qe6 30. Rd1 Rxa2 31. Nf5 Rcc2 32. Qe1 Bxg5 {Suite illisible.}
1-0

[Event "Championnat de France des Jeunes - Pous"]
[Site "LA ROCHE SUR YON"]
[Date "2008.04.26"]
[Round "8.7"]
[White "Guedon, Sosthene"]
[Black "Ek, Alexandre"]
[Result "1-0"]
[WhiteElo "1539"]
[BlackElo "1630"]
[Annotator "Salaun,Michel"]
[PlyCount "48"]
[EventDate "2008.04.25"]
[EventType "swiss"]
[EventRounds "5"]
[EventCountry "FRA"]

1. e4 e6 2. d4 d5 3. Nc3 Bb4 4. e5 c5 5. a3 Bxc3+ 6. bxc3 Qc7 7. Nf3 Ne7 8. a4
Nbc6 9. Bd3 b6 10. O-O c4 11. Be2 O-O 12. Ba3 f6 13. exf6 Rxf6 14. Re1 Bd7 15.
Ne5 Ng6 16. Nxd7 Qxd7 17. Bg4 Qf7 18. Re2 e5 19. f3 Nf4 20. Re3 h5 21. dxe5 Rg6
22. e6 Qf6 23. e7 Re8 24. Bd7 Nxg2 {Suite illisible.} 1-0

[Event "Championnat de France des Jeunes - Pous"]
[Site "LA ROCHE SUR YON"]
[Date "2008.04.26"]
[Round "8.5"]
[White "Marie, Florian"]
[Black "Bouvet, Florian"]
[Result "1/2-1/2"]
[WhiteElo "1660"]
[BlackElo "1590"]
[Annotator "Salaun,Michel"]
[PlyCount "43"]
[EventDate "2008.04.25"]
[EventType "swiss"]
[EventRounds "5"]
[EventCountry "FRA"]

1. d4 d5 2. Nf3 Nf6 3. c4 c6 4. Nc3 e6 5. Bf4 Bb4 6. e3 Qa5 7. Qc2 Ne4 8. Rc1
Qxa2 9. Nd2 Bxc3 10. bxc3 Qxc2 11. Rxc2 Nxd2 12. Kxd2 Nd7 13. Bd6 Nf6 14. Bd3
Kd7 15. Bg3 dxc4 16. Bxc4 b5 17. Bd3 Nh5 18. Ra2 Bb7 19. Rha1 a6 20. c4 Nxg3
21. hxg3 h6 22. f3 1/2-1/2

[Event "Championnat de France des Jeunes - Pous"]
[Site "LA ROCHE SUR YON"]
[Date "2008.04.26"]
[Round "8.10"]
[White "Rambaldi, Francesco"]
[Black "Sire, Armand"]
[Result "1-0"]
[WhiteElo "1640"]
[BlackElo "1520"]
[Annotator "Salaun,Michel"]
[PlyCount "173"]
[EventDate "2008.04.25"]
[EventType "swiss"]
[EventRounds "5"]
[EventCountry "FRA"]

1. c4 e6 2. Nf3 Nf6 3. g3 b6 4. Bg2 Bb7 5. O-O c5 6. Nc3 Be7 7. d3 O-O 8. Rb1
d6 9. a3 Nc6 10. Ne1 Qd7 11. Nc2 Ne5 12. e4 Rfd8 13. f4 Nc6 14. f5 exf5 15. Bh3
Qe8 16. Bxf5 Bf8 17. Bg5 Be7 18. Bxf6 Bxf6 19. Nd5 Bd4+ 20. Nxd4 Nxd4 21. Nc7
Qe5 22. Nxa8 Rxa8 23. Bh3 Bc8 24. Bxc8 Rxc8 25. Qg4 Rd8 26. Rbe1 Nc2 27. Qf3
Rf8 28. Rc1 Nd4 29. Qf2 Nb3 30. Rce1 Nd4 {(=)} 31. Qf4 Qe6 32. e5 dxe5 33. Qxe5
Qxe5 34. Rxe5 Ne6 35. Rd5 f6 36. Rd7 Ra8 37. Re1 Nf8 38. Rde7 Rd8 39. Rxa7 Rxd3
40. Rb7 Rb3 41. Rb8 Kf7 42. Re2 h6 43. Kf2 Nh7 44. Ke1 Ng5 45. Rb7+ Kg6 46. g4
Nf3+ 47. Kd1 Nd4 48. Ree7 f5 49. Rxg7+ Kf6 50. gxf5 Kxf5 51. Kc1 Ne2+ 52. Kb1
Nd4 53. Rh7 Kg6 54. Rbg7+ Kf5 55. Rg3 Rxg3 56. hxg3 Kg6 57. Rb7 Ne2 58. Rxb6+
Kg5 59. Rb5 Nxg3 60. Rxc5+ Kf4 61. a4 h5 62. a5 h4 63. a6 h3 64. a7 h2 65. a8=Q
h1=Q+ 66. Qxh1 Nxh1 67. b4 Nf2 68. Kc2 Ne4 69. Rd5 Nf6 70. Kc3 Nxd5+ 71. cxd5
Ke5 72. Kc4 Kd6 73. Kd4 Kd7 74. Ke5 Kc7 75. d6+ Kc8 76. Ke6 Kd8 77. d7 Kc7 78.
Ke7 Kb6 79. d8=Q+ Kb5 80. Qd6 Kc4 81. Qc5+ Kb3 82. b5 Ka4 83. b6 Kb3 84. b7 Ka4
85. Qb6 Ka3 86. b8=Q Ka4 87. Q8a7# 1-0

[Event "Championnat de France des Jeunes - Pous"]
[Site "LA ROCHE SUR YON"]
[Date "2008.04.26"]
[Round "9.2"]
[White "Venou, Randjit"]
[Black "Grezels, Florian"]
[Result "1-0"]
[WhiteElo "1580"]
[BlackElo "1650"]
[Annotator "Salaun,Michel"]
[PlyCount "72"]
[EventDate "2008.04.25"]
[EventType "swiss"]
[EventRounds "5"]
[EventCountry "FRA"]

1. e4 e5 2. Nf3 Nc6 3. Bb5 a6 4. Ba4 Nf6 5. O-O Be7 6. Re1 b5 7. Bb3 O-O 8. Nc3
d6 9. h3 Na5 10. d4 exd4 11. Nxd4 c5 12. Ndxb5 axb5 13. Nxb5 Qb6 14. c4 Be6 15.
Qd3 Rab8 16. a4 Bd7 17. Bf4 Bxb5 18. axb5 Nxb3 19. Qxb3 Ra8 20. Qd3 Qc7 21. e5
Rxa1 22. Rxa1 dxe5 23. b6 Qxb6 24. Bxe5 Rd8 25. Qf3 Qe6 26. Qe2 Bd6 27. Rd1 Re8
28. f4 Bxe5 29. fxe5 Qxe5 30. Qxe5 Rxe5 31. Rd6 Kf8 32. Kf2 Ne4+ 33. Kf3 Nxd6
34. b3 Ke7 35. g3 Re1 36. Kf2 Rb1 1-0

[Event "Championnat de France des Jeunes - Pous"]
[Site "LA ROCHE SUR YON"]
[Date "2008.04.27"]
[Round "9.3"]
[White "Guines, Dylan"]
[Black "Boudia, Samy"]
[Result "0-1"]
[WhiteElo "1460"]
[BlackElo "1690"]
[Annotator "Salaun,Michel"]
[PlyCount "48"]
[EventDate "2008.04.25"]
[EventType "swiss"]
[EventRounds "5"]
[EventCountry "FRA"]

1. e4 d6 2. d4 Nf6 3. Nc3 g6 4. Nf3 Bg7 5. Be3 O-O 6. h3 Nbd7 7. Be2 Rb8 8. O-O
a6 9. a4 b5 10. axb5 axb5 11. Bxb5 Nxe4 12. Bxd7 Nxc3 13. bxc3 Bxd7 14. Qd2 f5
15. Bh6 c6 16. Qg5 f4 17. Qh4 Rf5 18. Ng5 Bf6 19. g3 e5 20. Bf8 Bxg5 21. Qg4
Rxf8 22. Qf3 Bxh3 23. Rfe1 fxg3 24. Qxg3 Be6 0-1

[Event "Championnat de France des Jeunes - Pous"]
[Site "LA ROCHE SUR YON"]
[Date "2008.04.27"]
[Round "9.6"]
[White "Caslani, Nicolas"]
[Black "Marie, Florian"]
[Result "1/2-1/2"]
[WhiteElo "1460"]
[BlackElo "1660"]
[Annotator "Salaun,Michel"]
[PlyCount "127"]
[EventDate "2008.04.25"]
[EventType "swiss"]
[EventRounds "5"]
[EventCountry "FRA"]

1. e4 e6 2. Nf3 d5 3. exd5 exd5 4. d3 Nf6 5. Be2 Bd6 6. Bg5 O-O 7. Nc3 Be7 8.
O-O c5 9. d4 c4 10. Re1 Bf5 11. Qd2 Nc6 12. Nh4 Ne4 13. Bxe7 Nxe7 14. Nxe4 Bxe4
15. Bf3 Bxf3 16. Nxf3 Nc6 17. b3 b5 18. Ne5 Nxe5 19. Rxe5 Re8 20. Rh5 g6 21.
Rh3 Qf6 22. g3 Re4 23. Rd1 Rae8 24. bxc4 Re2 25. Qf4 Qxf4 26. gxf4 bxc4 27. Rc3
R2e4 28. Ra3 R8e7 29. Rf3 Rb7 30. f5 g5 31. f6 Rf4 32. Re1 Kf8 33. Rfe3 Rb8 34.
c3 Rxf6 35. Re5 Rb5 36. Rxg5 Rg6 37. Rxg6 hxg6 38. Re2 Ra5 39. Kg2 Ra3 40. Rc2
Ke7 41. Kf3 f5 42. Kf4 Kf6 43. h4 a6 44. Kg3 Ra5 45. Kf4 Rb5 46. Ke3 g5 47.
hxg5+ Kxg5 48. f4+ Kg4 49. Rg2+ Kh3 50. Rg5 Ra5 51. Rxf5 Rxa2 52. Rxd5 Rc2 53.
Rc5 Rxc3+ 54. Kd2 Rd3+ 55. Kc2 Rxd4 56. Rc6 a5 57. Rc5 a4 58. Ra5 c3 59. Kxc3
Rxf4 60. Kb2 Rf2+ 61. Ka3 Rf1 62. Kxa4 Ra1+ 63. Kb5 Rxa5+ 64. Kxa5 1/2-1/2

[Event "Championnat de France des Jeunes - Pous"]
[Site "LA ROCHE SUR YON"]
[Date "2008.04.27"]
[Round "9.7"]
[White "Froment, Theophile"]
[Black "Bedini, Lucas"]
[Result "1-0"]
[WhiteElo "1645"]
[BlackElo "1570"]
[Annotator "Salaun,Michel"]
[PlyCount "119"]
[EventDate "2008.04.25"]
[EventType "swiss"]
[EventRounds "5"]
[EventCountry "FRA"]

1. e4 e5 2. Nf3 Nc6 3. Bb5 Nd4 4. Nxd4 exd4 5. d3 Bc5 6. O-O c6 7. Bc4 d5 8.
exd5 cxd5 9. Bb5+ Kf8 10. Re1 Ne7 11. Bg5 f6 12. Bf4 Qa5 13. c4 a6 14. Ba4 dxc4
15. dxc4 Qb6 16. Bb3 Bf5 17. Nd2 d3 18. Be3 h5 19. Bxc5 Qxc5 20. h3 g5 21. Qf3
Qc7 22. Ne4 g4 23. Qg3 Qc6 24. Qxd3 gxh3 25. gxh3 Rg8+ 26. Kf1 Re8 27. Qf3 Bd7
28. Qxh5 Nc8 29. Qh6+ Kf7 30. c5+ Ke7 31. Nd6+ Kd8 32. Rxe8+ Rxe8 33. Nxe8 Qh1+
34. Ke2 Qxa1 35. Qxf6+ Ne7 36. Nd6 Qh1 37. Qf8+ Kc7 38. Qxe7 Qc6 39. Be6 a5 40.
Qxd7+ Qxd7 41. Bxd7 Kxd7 42. f4 Kc6 43. f5 Kxc5 44. Nxb7+ Kd5 45. Nxa5 Ke5 46.
b4 Kxf5 47. b5 Ke6 48. b6 Kd6 49. b7 Kc7 50. h4 Kd7 51. b8=Q Ke7 52. Qc7+ Ke6
53. Qd8 Ke5 54. Qd7 Ke4 55. Qd6 Kf5 56. Qe7 Kf4 57. Qe6 Kg3 58. Qf5 Kxh4 59.
Qg6 Kh3 60. Kf3 1-0

[Event "Championnat de France des Jeunes - Pous"]
[Site "LA ROCHE SUR YON"]
[Date "2008.04.27"]
[Round "9.4"]
[White "Stark, Gabriel"]
[Black "Guedon, Sosthene"]
[Result "1-0"]
[WhiteElo "1620"]
[BlackElo "1539"]
[Annotator "Salaun,Michel"]
[PlyCount "89"]
[EventDate "2008.04.25"]
[EventType "swiss"]
[EventRounds "5"]
[EventCountry "FRA"]

1. d4 Nf6 2. c4 c5 3. d5 b5 4. cxb5 a6 5. bxa6 g6 6. e3 Bxa6 7. Bxa6 Nxa6 8.
Nc3 d6 9. Nf3 Bg7 10. O-O O-O 11. e4 Nc7 12. Re1 Nd7 13. Bd2 Ne5 14. Nxe5 Bxe5
15. f4 Bg7 16. Kh1 Qd7 17. Qf3 Rfb8 18. b3 Nb5 19. h3 Qc7 20. Nxb5 Rxb5 21. Bc3
Ra3 22. Bxg7 Kxg7 23. Qe2 Qa5 24. Red1 Qc3 25. Qxb5 Qc2 26. Qc4 Rxa2 27. Qxc2
Rxc2 28. Ra7 Rb2 29. Rd3 Re2 30. Rxe7 Kf8 31. Rd7 Rxe4 32. Rxd6 Rxf4 33. Rc6
Rf1+ 34. Kh2 Rc1 35. b4 c4 36. Rd4 c3 37. Rd3 Rb1 38. Rcxc3 Rxb4 39. d6 Rb8 40.
d7 Rd8 41. Rc8 Ke7 42. Rxd8 Kxd8 43. Kg3 f6 44. Kf4 f5 45. Kg5 1-0

[Event "Championnat de France des Jeunes - Pous"]
[Site "LA ROCHE SUR YON"]
[Date "2008.04.27"]
[Round "9.5"]
[White "Delpierre, Elie"]
[Black "Meunier, Clement"]
[Result "0-1"]
[WhiteElo "1750"]
[BlackElo "1430"]
[Annotator "Salaun,Michel"]
[PlyCount "64"]
[EventDate "2008.04.25"]
[EventType "swiss"]
[EventRounds "5"]
[EventCountry "FRA"]

1. d4 d5 2. c4 c6 3. Nc3 Nf6 4. Nf3 a6 5. a4 Bg4 6. Bg5 Ne4 7. Bh4 f6 8. Nd2
Nxc3 9. bxc3 Nd7 10. f3 Bh5 11. Bg3 e5 12. Qb3 dxc4 13. Qxc4 Bf7 14. Qd3 Bg6
15. e4 Bd6 16. Nc4 Qc7 17. Rb1 Rb8 18. Rd1 b5 19. dxe5 Bxe5 20. Nd6+ Ke7 21.
Bf2 Bxd6 22. Qxd6+ Qxd6 23. Rxd6 Kxd6 24. Bg3+ Ke7 25. axb5 cxb5 26. Bxb8 Rxb8
27. Kd2 a5 28. Bd3 Nc5 29. Bc2 Rd8+ 30. Kc1 b4 31. cxb4 axb4 32. Kb2 Rd2 0-1

[Event "Championnat de France des Jeunes - Pous"]
[Site "LA ROCHE SUR YON"]
[Date "2008.04.27"]
[Round "9.8"]
[White "Bouvet, Florian"]
[Black "Rambaldi, Francesco"]
[Result "0-1"]
[WhiteElo "1590"]
[BlackElo "1640"]
[Annotator "Salaun,Michel"]
[PlyCount "48"]
[EventDate "2008.04.25"]
[EventType "swiss"]
[EventRounds "5"]
[EventCountry "FRA"]

1. e4 c5 2. Nf3 e6 3. d4 cxd4 4. Nxd4 a6 5. Bd3 Bc5 6. Nb3 Be7 7. Be3 Nc6 8.
N1d2 Qc7 9. O-O Nf6 10. f4 d6 11. Nd4 Bd7 12. Nxc6 Bxc6 13. c3 b5 14. Qc2 g6
15. b4 Ng4 16. Rae1 Nxe3 17. Rxe3 Qa7 18. Rfe1 e5 19. fxe5 Bg5 20. Nf1 Bxe3+
21. Nxe3 dxe5 22. Kh1 O-O 23. Ng4 Qe7 24. Rf1 h5 0-1

[Event "Championnat de France des Jeunes - Pous"]
[Site "LA ROCHE SUR YON"]
[Date "2008.04.24"]
[Round "4.4"]
[White "Bianchi, Tobias"]
[Black "Froment, Theophile"]
[Result "0-1"]
[WhiteElo "1600"]
[BlackElo "1645"]
[Annotator "Salaun,Michel"]
[PlyCount "146"]
[EventDate "2008.04.25"]
[EventType "swiss"]
[EventRounds "5"]
[EventCountry "FRA"]

1. e4 c5 2. Nf3 d6 3. Bb5+ Nd7 4. O-O Ngf6 5. Re1 a6 6. Bxd7+ Bxd7 7. c3 Bg4 8.
d4 cxd4 9. cxd4 d5 10. e5 Ng8 11. Nc3 e6 12. h3 Bh5 13. Bf4 Ne7 14. Qd3 Bxf3
15. Qxf3 Nf5 16. Rad1 Be7 17. Ne4 Qb6 18. Qb3 Qxb3 19. axb3 Bb4 20. Bd2 Be7 21.
Bf4 O-O 22. Ng3 Nxg3 23. Bxg3 Rac8 24. Rc1 Bb4 25. Red1 Rc6 26. Rxc6 bxc6 27.
Rc1 Rc8 28. Ra1 a5 29. f4 c5 30. Rc1 Kf8 31. Bf2 c4 32. bxc4 Rxc4 33. Rxc4 dxc4
34. Kf1 Bd2 35. g3 Bc1 36. Ke2 Bxb2 37. Kd2 a4 38. Kc2 a3 39. Kb1 Ke8 40. g4
Kd7 41. f5 g6 42. f6 Kc6 43. Ka2 Kd5 44. h4 Bxd4 45. Bxd4 Kxd4 46. Kxa3 Kc3 47.
Ka4 Kd2 48. Kb5 c3 49. Kc6 c2 50. Kd7 c1=Q 51. Ke7 Qc7+ 52. Kf8 h5 53. g5 Qd7
54. Kg8 Ke3 55. Kf8 Kf4 56. Kg8 Kxe5 57. Kh7 Kf4 58. Kh6 Kg3 59. Kg7 Kxh4 60.
Kh6 Qc7 61. Kg7 Kxg5 62. Kh7 Kxf6 63. Kh6 Qc1+ 64. Kh7 Ke7 65. Kg8 f5 66. Kh7
Qg5 67. Kh8 Qf6+ 68. Kh7 g5 69. Kg8 g4 70. Kh7 Qg5 71. Kh8 Kf7 72. Kh7 Qg8+ 73.
Kh6 Qg6# 0-1

[Event "Championnat de France des Jeunes - Pous"]
[Site "LA ROCHE SUR YON"]
[Date "2008.04.24"]
[Round "4.6"]
[White "Wojnowska, Natalia"]
[Black "Le Berre, Audrey"]
[Result "1/2-1/2"]
[WhiteElo "1340"]
[BlackElo "1390"]
[Annotator "Salaun,Michel"]
[PlyCount "107"]
[EventDate "2008.04.25"]
[EventType "swiss"]
[EventRounds "5"]
[EventCountry "FRA"]

1. e4 c5 2. Nc3 g6 3. f4 e6 4. Nf3 Bg7 5. Bc4 a6 6. a4 Ne7 7. O-O d5 8. exd5
exd5 9. Ba2 O-O 10. d3 Nbc6 11. Qe1 Re8 12. Qh4 Nf5 13. Qxd8 Rxd8 14. Nxd5 b5
15. Nb6 Ra7 16. Ng5 c4 17. dxc4 Bd4+ 18. Kh1 Bxb6 19. cxb5 axb5 20. axb5 Na5
21. Nxf7 Rd4 22. c3 Rd3 23. Ne5+ Kg7 24. Nxd3 Nc4 25. Ne5 Nxe5 26. fxe5 Rd7 27.
Be6 Rd8 28. Bxc8 Rxc8 29. Ra6 Be3 30. Bxe3 Nxe3 31. Rf3 Rd8 32. h3 Rd1+ 33. Kh2
Nf1+ 34. Rxf1 Rxf1 35. Ra7+ Kh6 36. b6 Rf8 37. e6 Rb8 38. e7 Kh5 39. g4+ Kh4
40. e8=Q Rxe8 41. Rxh7+ Kg5 42. b7 Re2+ 43. Kg3 Rxb2 44. h4+ Kf6 45. g5+ Kf5
46. Rf7+ Ke4 47. Rf4+ Ke5 48. Rf7 (48. Rb4) 48... Rb3 49. Re7+ Kf5 50. Rf7+ Ke6
51. Rc7 Kf5 52. Rf7+ Ke6 53. Rc7 Kf5 54. Rf7+ 1/2-1/2